[Event "Gibtelecom Masters 8th"]
[Site "Gibraltar"]
[Date "2010.01.27"]
[Round "2.34"]
[White "Cabrera Trujillo, Jorge"]
[Black "Hagen, Anders Gjerdrum"]
[Result "1/2-1/2"]
[WhiteElo "2384"]
[BlackElo "2108"]
[PlyCount "73"]
[EventDate "2010.01.26"]
[EventType "swiss"]
[EventRounds "10"]
[EventCountry "GGB"]
[SourceDate "2005.02.07"]

1. e4 c5 2. Nf3 Nc6 3. d4 cxd4 4. Nxd4 Nf6 5. Nc3 d6 6. Bg5 e6 7. Qd2 a6 8O-O-O Bd7 9. f4 b5 10. Bxf6 gxf6 11. Nxc6 Bxc6 12. Qe1 Ra7 13. f5 Qb6 14. Kb1
b4 15. Ne2 e5 16. Ng3 a5 17. Nh5 Be7 18. Qh4 a4 19. Nxf6+ Kd8 20. Qh6 b3 21cxb3 axb3 22. a3 Qf2 23. Qd2 Qxd2 24. Rxd2 Ra4 25. Nd5 Rxe4 26. Ba6 Rg8 27. g3
Bg5 28. Rdd1 Kd7 29. Rhf1 h5 30. Nb4 h4 31. Nxc6 Kxc6 32. Rf3 Re3 33. Rxe3 Bxe3
34. Bc4 Rg5 35. g4 Rxg4 36. Bxf7 Rf4 37. Bxb3 1/2-1/2

[Event "Gibtelecom Masters 8th"]
[Site "Gibraltar"]
[Date "2010.01.27"]
[Round "2.35"]
[White "Havik, Victor"]
[Black "Dworakowska, Joanna"]
[Result "1-0"]
[WhiteElo "2093"]
[BlackElo "2374"]
[PlyCount "87"]
[EventDate "2010.01.26"]
[EventType "swiss"]
[EventRounds "10"]
[EventCountry "GGB"]
[SourceDate "2005.02.07"]

1. d4 d5 2. c4 c6 3. Nc3 e6 4. e4 dxe4 5. Nxe4 Bb4+ 6. Bd2 Qxd4 7. Bxb4 Qxe4+
8. Be2 Na6 9. Bd6 b6 10. Nf3 Bb7 11. O-O Rd8 12. Ne5 Ne7 13. Bd3 Qf4 14. g3 Qf6
15. Ng4 Qd4 16. Be5 Qxd3 17. Bxg7 Ng6 18. Nf6+ Ke7 19. Qh5 c5 20. f3 Qe3+ 21Rf2 Rd2 22. Ng4 Qxf2+ 23. Nxf2 Rhd8 24. Bc3 R2d6 25. Ne4 Rd1+ 26. Rxd1 Rxd1+
27. Kg2 Nb4 28. Nxc5 Nxa2 29. Nxb7 Nxc3 30. bxc3 Rd7 31. Nc5 bxc5 32. Qxc5+ Kf6
33. f4 h6 34. h4 Kg7 35. h5 Nf8 36. Kf3 Rd3+ 37. Kg4 Nd7 38. Qxa7 Nf6+ 39. Kh4
Ne4 40. Qg1 f5 41. g4 Nd2 42. gxf5+ Kf8 43. Qc5+ Kg8 44. fxe6 1-0

[Event "Gibtelecom Masters 8th"]
[Site "Gibraltar"]
[Date "2010.01.27"]
[Round "2.36"]
[White "Freuler, Roman"]
[Black "Camus de Solliers, Guillau"]
[Result "0-1"]
[WhiteElo "2082"]
[BlackElo "2356"]
[PlyCount "114"]
[EventDate "2010.01.26"]
[EventType "swiss"]
[EventRounds "10"]
[EventCountry "GGB"]
[SourceDate "2005.02.07"]

1. e4 e6 2. d4 d5 3. e5 c5 4. c3 Nc6 5. Nf3 Qb6 6. a3 Nh6 7. Bd3 cxd4 8. cxd4
Bd7 9. Bc2 Nf5 10. Bxf5 exf5 11. Nc3 Be6 12. O-O Be7 13. b4 Rc8 14. Qd3 O-O 15Bd2 a6 16. Na4 Qb5 17. Qxb5 axb5 18. Nc3 Na7 19. Rfc1 Rc4 20. Ne2 Nc6 21. Rc3
Ra8 22. Rac1 g5 23. Bxg5 Bxg5 24. Nxg5 Nxd4 25. Nxd4 Rxd4 26. Nxe6 fxe6 27Rc8+ Rxc8 28. Rxc8+ Kf7 29. Rc7+ Kg6 30. f4 Rxf4 31. Re7 Re4 32. Rxe6+ Kg5 33Kf2 d4 34. Kf3 Re3+ 35. Kf2 Kf4 36. g3+ Ke4 37. Re8 Kd5 38. Re7 Rxe5 39. Rxh7
d3 40. Rxb7 Kd4 41. h4 d2 42. Rd7+ Kc3 43. Rc7+ Kb2 44. Rd7 Kc1 45. Rc7+ Kd1
46. h5 Re2+ 47. Kf1 Rh2 48. Rc5 Rxh5 49. Kf2 Rh2+ 50. Kf3 Ke1 51. Re5+ Kf1 52Rd5 Rf2+ 53. Ke3 Re2+ 54. Kf4 Ke1 55. Kxf5 d1=Q 56. Rxd1+ Kxd1 57. g4 Kc2 0-1

[Event "Gibtelecom Masters 8th"]
[Site "Gibraltar"]
[Date "2010.01.27"]
[Round "2.37"]
[White "Stebbings, Anthony J"]
[Black "Lochte, Szilvia"]
[Result "1-0"]
[WhiteElo "2290"]
[BlackElo "2032"]
[PlyCount "83"]
[EventDate "2010.01.26"]
[EventType "swiss"]
[EventRounds "10"]
[EventCountry "GGB"]
[SourceDate "2005.02.07"]

1. e4 d6 2. d4 g6 3. Nc3 Bg7 4. Nge2 Nf6 5. g3 O-O 6. Bg2 e5 7. h3 c6 8. a4 a5
9. O-O Nbd7 10. Be3 Qc7 11. Qd2 Nb6 12. b3 d5 13. exd5 Nfxd5 14. Nxd5 Nxd5 15Bh6 e4 16. Bxg7 Kxg7 17. c4 Ne7 18. Rae1 f5 19. f3 Bd7 20. fxe4 fxe4 21. Nf4
Nf5 22. Rxe4 Nxg3 23. Re7+ Kg8 24. Rf2 Qd6 25. Re1 Nf5 26. c5 Qxd4 27. Qxd4
Nxd4 28. Rd1 Rxf4 29. Rxf4 Ne2+ 30. Kh2 Nxf4 31. Rxd7 Rb8 32. Bf1 b5 33. cxb6
Rxb6 34. Bc4+ Kh8 35. Ra7 Nd5 36. Rxa5 Rb7 37. Ra8+ Kg7 38. a5 Nc7 39. Rd8 Nb5
40. Ra8 Nc7 41. a6 Rxb3 42. Rg8+ 1-0

[Event "Gibtelecom Masters 8th"]
[Site "Gibraltar"]
[Date "2010.01.27"]
[Round "2.38"]
[White "Kozlov, Oleg"]
[Black "Mortensen, Henrik"]
[Result "1-0"]
[WhiteElo "2279"]
[BlackElo "2015"]
[PlyCount "67"]
[EventDate "2010.01.26"]
[EventType "swiss"]
[EventRounds "10"]
[EventCountry "GGB"]
[SourceDate "2005.02.07"]

1. c4 c5 2. Nc3 Nf6 3. Nf3 e6 4. g3 b6 5. Bg2 Bb7 6. O-O a6 7. d4 cxd4 8. Qxd4
d6 9. Rd1 Nbd7 10. Ng5 Bxg2 11. Kxg2 e5 12. Qd3 Nc5 13. Qf3 Rc8 14. Be3 h6 15Nge4 Ncxe4 16. Nxe4 Nxe4 17. Qxe4 Qc7 18. b3 Be7 19. Qg4 Qc6+ 20. Kg1 g6 21Bxb6 h5 22. Qh3 f5 23. Be3 O-O 24. Rd5 Rf7 25. Rad1 Rcf8 26. Bh6 Re8 27. Bc1
Ref8 28. Qg2 Kh7 29. f4 e4 30. Ba3 Rf6 31. Qf2 Re6 32. Qd4 Bf6 33. Qa7+ Re7 34Qe3 1-0

[Event "Gibtelecom Masters 8th"]
[Site "Gibraltar"]
[Date "2010.01.27"]
[Round "2.39"]
[White "Stanek, Stanislav"]
[Black "Nikolaidis, Konstantinos"]
[Result "0-1"]
[WhiteElo "2007"]
[BlackElo "2266"]
[PlyCount "124"]
[EventDate "2010.01.26"]
[EventType "swiss"]
[EventRounds "10"]
[EventCountry "GGB"]
[SourceDate "2005.02.07"]

1. d4 Nf6 2. Bf4 e6 3. e3 c5 4. c3 b6 5. Nd2 Bb7 6. Ngf3 Be7 7. Bd3 cxd4 8exd4 O-O 9. Qe2 d6 10. O-O Nbd7 11. Ba6 Qc8 12. Bxb7 Qxb7 13. Rfe1 Rfe8 14. Ne4
Qc6 15. Rad1 b5 16. Nfd2 a5 17. Nxf6+ Nxf6 18. Rc1 Qd5 19. b3 b4 20. Nc4 Rab8
21. Qd3 bxc3 22. Rxc3 Red8 23. f3 Qb5 24. Ne3 Qxd3 25. Rxd3 Nh5 26. Bg3 Nxg3
27. hxg3 d5 28. Rc1 Bb4 29. Kf2 Rdc8 30. Rdd1 Ba3 31. Rc2 Rxc2+ 32. Nxc2 Bd6
33. Ne3 a4 34. Rd3 g5 35. g4 Ra8 36. Rc3 Bb4 37. Rd3 Bd6 38. Rc3 Bb4 39. Rd3
axb3 40. axb3 Ra2+ 41. Kf1 Kg7 42. Kg1 Kg6 43. Kf1 Kf6 44. Kg1 Ke7 45. Kh2 Kd7
46. Kh3 Bd6 47. g3 Bb4 48. Nd1 h6 49. Ne3 Kc6 50. Nf1 Kb5 51. f4 Rf2 52. Nh2
gxf4 53. Nf3 Bd6 54. gxf4 Bxf4 55. Kh4 Rg2 56. Kh5 Kb4 57. Kh4 Rb2 58. Ng1 Rxb3
59. Rd1 Bg5+ 60. Kh5 Kc4 61. Rf1 Rg3 62. Rxf7 Rxg1 0-1

[Event "Gibtelecom Masters 8th"]
[Site "Gibraltar"]
[Date "2010.01.27"]
[Round "2.41"]
[White "Carame Gonzalez, Francisco"]
[Black "Hartvig, Ove Weiss"]
[Result "1-0"]
[WhiteElo "1977"]
[BlackElo "2245"]
[PlyCount "81"]
[EventDate "2010.01.26"]
[EventType "swiss"]
[EventRounds "10"]
[EventCountry "GGB"]
[SourceDate "2005.02.07"]

1. e4 d5 2. exd5 Nf6 3. d4 Nxd5 4. Nf3 g6 5. Nbd2 Bg7 6. Bc4 O-O 7. c3 b6 8O-O Bb7 9. Re1 Nd7 10. Ne4 h6 11. Qb3 e6 12. h3 Rc8 13. Bd3 N5f6 14. Bf4 Nxe4
15. Bxe4 Bxe4 16. Rxe4 Nf6 17. Re2 c5 18. dxc5 Rxc5 19. Rd1 Rd5 20. Red2 Qa8
21. Rxd5 Nxd5 22. Bg3 Rd8 23. Qa4 a6 24. c4 b5 25. cxb5 axb5 26. Qxb5 Qxa2 27Ne5 Ra8 28. Rc1 Qa7 29. Qc6 Ne7 30. Qe4 Nf5 31. Bf4 g5 32. Nc6 Qa4 33. Qxa4
Rxa4 34. Be5 Nd4 35. Bxd4 Bxd4 36. b3 Ra1 37. Rxa1 Bxa1 38. b4 Kf8 39. b5 Ke8
40. b6 Kd7 41. b7 1-0

[Event "Gibtelecom Masters 8th"]
[Site "Gibraltar"]
[Date "2010.01.27"]
[Round "2.42"]
[White "De Lillo, Michele"]
[Black "Marchand, Francois"]
[Result "0-1"]
[WhiteElo "1934"]
[BlackElo "2244"]
[PlyCount "80"]
[EventDate "2010.01.26"]
[EventType "swiss"]
[EventRounds "10"]
[EventCountry "GGB"]
[SourceDate "2005.02.07"]

1. e4 c6 2. d4 d5 3. exd5 cxd5 4. Bd3 Nc6 5. c3 Nf6 6. Bf4 Bg4 7. Qb3 Qc8 8Nd2 e6 9. Ngf3 Be7 10. h3 Bh5 11. O-O O-O 12. Ne5 Nxe5 13. Bxe5 Bg6 14. Bxg6
hxg6 15. Qd1 b5 16. a4 b4 17. cxb4 Bxb4 18. Rc1 Qa6 19. Nb1 Rfc8 20. Qb3 Qa5
21. Bxf6 gxf6 22. Qf3 Qxa4 23. Qxf6 Bf8 24. Qf4 Bg7 25. Rcd1 Rc2 26. Nd2 Qxd4
27. Qxd4 Bxd4 28. b3 Rb8 29. Nf3 Bc5 30. Rc1 Bxf2+ 31. Kh2 Rxc1 32. Rxc1 Rxb3
33. Rc7 Bb6 34. Rd7 Rc3 35. h4 Rc7 36. Rd8+ Kg7 37. Ng5 a5 38. Rb8 Be3 39. Nf3
a4 40. Ra8 Ra7 0-1

[Event "Gibtelecom Masters 8th"]
[Site "Gibraltar"]
[Date "2010.01.27"]
[Round "2.43"]
[White "Guliyev, Namig"]
[Black "Vinas Guerrero, Carlos A"]
[Result "1-0"]
[WhiteElo "2516"]
[BlackElo "2120"]
[PlyCount "77"]
[EventDate "2010.01.26"]
[EventType "swiss"]
[EventRounds "10"]
[EventCountry "GGB"]
[SourceDate "2005.02.07"]

1. d4 d5 2. c4 c6 3. Nf3 Nf6 4. Nc3 e6 5. Bg5 dxc4 6. e4 b5 7. e5 h6 8. Bh4 g5
9. Nxg5 hxg5 10. Bxg5 Nbd7 11. g3 Qb6 12. exf6 Bb7 13. Bg2 O-O-O 14. O-O c5 15d5 b4 16. Na4 Qa6 17. a3 Bxd5 18. Bxd5 Ne5 19. Qe2 Rxd5 20. axb4 cxb4 21. Nc3
Ra5 22. Rxa5 Qxa5 23. Ne4 Nd3 24. h4 Qe5 25. Qe3 a5 26. b3 Bc5 27. Nxc5 Qxc5
28. Qe2 Rd8 29. bxc4 Qxc4 30. Rc1 Qxc1+ 31. Bxc1 Rd5 32. Qc2+ Kb7 33. Be3 Ne1
34. Qa2 Nf3+ 35. Kg2 Ne5 36. h5 Nd7 37. h6 Nxf6 38. Qc2 Rh5 39. g4 1-0

[Event "Gibtelecom Masters 8th"]
[Site "Gibraltar"]
[Date "2010.01.27"]
[Round "2.44"]
[White "Benitah, Yohan"]
[Black "Fokin, Sergey"]
[Result "1/2-1/2"]
[WhiteElo "2390"]
[BlackElo "2109"]
[PlyCount "135"]
[EventDate "2010.01.26"]
[EventType "swiss"]
[EventRounds "10"]
[EventCountry "GGB"]
[SourceDate "2005.02.07"]

1. d4 e6 2. c4 Bb4+ 3. Nc3 f5 4. Qc2 Nf6 5. e3 b6 6. Bd3 Bb7 7. f3 Nh5 8. Nge2
Qh4+ 9. g3 Bxc3+ 10. bxc3 Qe7 11. O-O Nc6 12. c5 Nf6 13. Ba3 Nd5 14. Qc1 Qg5
15. e4 Qe3+ 16. Qxe3 Nxe3 17. Rf2 Na5 18. Bc1 fxe4 19. fxe4 Nec4 20. Rb1 O-O-21. cxb6 axb6 22. Bg5 Rdf8 23. Rbf1 Rxf2 24. Rxf2 Nd6 25. e5 Ne4 26. Bxe4 Bxe4
27. Rf7 Rg8 28. g4 Nc6 29. h4 h6 30. Bc1 Kd8 31. Ng3 Bg6 32. Rf2 Ke8 33. g5
hxg5 34. Bxg5 Rf8 35. Ne2 Rxf2 36. Kxf2 Bb1 37. a3 Na5 38. Ng3 Nc4 39. Nh5 Kf7
40. Bc1 b5 41. Nf4 d6 42. exd6 cxd6 43. Ng2 Bd3 44. Ne3 Nb6 45. Ng2 Bc4 46. Ne3
Bd5 47. Kg3 Bb3 48. Kg4 Nd7 49. Kf4 Nf6 50. Bd2 Kg6 51. Be1 Kh5 52. Bg3 Bd5 53Be1 Kg6 54. Nf1 Nh5+ 55. Kg4 e5 56. dxe5 dxe5 57. Ne3 Bc6 58. c4 e4 59. Kh3
bxc4 60. Nxc4 Kf5 61. Bd2 Bd7 62. Bg5 Be6 63. Ne3+ Ke5+ 64. Kg2 Bb3 65. Kf2 Kd4
66. Ng2 Bc4 67. Nf4 Nxf4 68. Bxf4 1/2-1/2

[Event "Gibtelecom Masters 8th"]
[Site "Gibraltar"]
[Date "2010.01.27"]
[Round "2.45"]
[White "Sarkar, Justin"]
[Black "Ogada-Osir, Ibrahim Okinyi"]
[Result "1-0"]
[WhiteElo "2378"]
[BlackElo "2104"]
[PlyCount "89"]
[EventDate "2010.01.26"]
[EventType "swiss"]
[EventRounds "10"]
[EventCountry "GGB"]
[SourceDate "2005.02.07"]

1. d4 d5 2. c4 e6 3. Nc3 Nf6 4. Bg5 c6 5. e3 Nbd7 6. cxd5 exd5 7. Bd3 Be7 8Qc2 Nh5 9. Bxe7 Qxe7 10. Nge2 g6 11. O-O-O Nb6 12. Ng3 Nf6 13. Kb1 Bd7 14. Rc1
O-O-O 15. Na4 Nxa4 16. Qxa4 Kb8 17. Rc3 Ne4 18. Bxe4 dxe4 19. Ra3 a6 20. Qa5
Bc8 21. Qb6 Ka8 22. Ne2 Qf6 23. Nc3 Qxf2 24. d5 Rxd5 25. Nxd5 cxd5 26. Rc1 Qxg2
27. Qf6 Rf8 28. Qd6 Re8 29. Qxd5 Qxh2 30. Rxa6+ Kb8 31. Ra5 Re6 32. Rac5 Rc6
33. Rxc6 bxc6 34. Qxc6 Bb7 35. Qe8+ Ka7 36. Qxf7 Kb6 37. Qf6+ Ka7 38. Qd4+ Kb8
39. Qd8+ Ka7 40. Qa5+ Kb8 41. Rd1 Bc8 42. Qb6+ Ka8 43. Rd5 Qg1+ 44. Kc2 Qf2+
45. Kc3 1-0

[Event "Gibtelecom Masters 8th"]
[Site "Gibraltar"]
[Date "2010.01.27"]
[Round "2.46"]
[White "Peek, Marcel"]
[Black "Pienabarca, Nicola"]
[Result "1-0"]
[WhiteElo "2342"]
[BlackElo "2071"]
[PlyCount "89"]
[EventDate "2010.01.26"]
[EventType "swiss"]
[EventRounds "10"]
[EventCountry "GGB"]
[SourceDate "2005.02.07"]

1. d4 Nf6 2. c4 g6 3. Nc3 d5 4. cxd5 Nxd5 5. e4 Nxc3 6. bxc3 Bg7 7. Nf3 c5 8Be3 Qa5 9. Qd2 O-O 10. Rc1 Rd8 11. d5 e6 12. Bg5 Re8 13. d6 Nc6 14. Be2 Bd7 15Bh6 Bh8 16. h4 c4 17. h5 Ne5 18. hxg6 fxg6 19. Ng5 Nd3+ 20. Bxd3 cxd3 21. Rh3
Rac8 22. Rxd3 Bf6 23. c4 Qxd2+ 24. Kxd2 Rc5 25. Nf3 Rec8 26. Be3 Rxc4 27. Rxc4
Rxc4 28. e5 Bd8 29. Rb3 b5 30. Bxa7 Ra4 31. Bc5 Rxa2+ 32. Kd3 Kf7 33. g3 g5 34Be3 Kg6 35. g4 Ra4 36. Nd4 Bb6 37. Nxb5 Bxe3 38. fxe3 Rxg4 39. Nd4 Kf7 40. Rb7
Ke8 41. Nxe6 Bxe6 42. Re7+ Kd8 43. Rxe6 h5 44. Rh6 Kd7 45. Rh7+ 1-0

[Event "Gibtelecom Masters 8th"]
[Site "Gibraltar"]
[Date "2010.01.27"]
[Round "2.47"]
[White "Dasaolu, Adeoye"]
[Black "Lovik, Lasse Ostebo"]
[Result "1-0"]
[WhiteElo "2068"]
[BlackElo "2343"]
[PlyCount "87"]
[EventDate "2010.01.26"]
[EventType "swiss"]
[EventRounds "10"]
[EventCountry "GGB"]
[SourceDate "2005.02.07"]

1. d4 Nf6 2. Nf3 e6 3. Bg5 c5 4. c3 Nc6 5. e3 h6 6. Bh4 cxd4 7. exd4 Be7 8Nbd2 O-O 9. Bd3 b6 10. O-O Bb7 11. Re1 d6 12. Qe2 a6 13. Bxf6 Bxf6 14. Qe4 g6
15. Qg4 Bg7 16. h4 Re8 17. Rad1 Ne7 18. Qg3 b5 19. Be4 Bd5 20. Bxd5 Nxd5 21Ne4 f5 22. Ned2 Kh7 23. Nb3 a5 24. Nc1 Rc8 25. Nd3 b4 26. cxb4 axb4 27. Nf4
Nxf4 28. Qxf4 Ra8 29. Qe3 Qb6 30. Qb3 e5 31. h5 gxh5 32. Qf7 Rf8 33. Qxh5 Rxa2
34. Nh4 d5 35. Nxf5 Rxb2 36. Nxg7 Rfxf2 37. Kh1 Qf6 38. Ne8 Qf4 39. Rg1 Rb3 40dxe5 d4 41. Nf6+ Kg7 42. Ng4 Rg3 43. Nxf2 Rg5 44. Qf3 1-0

[Event "Gibtelecom Masters 8th"]
[Site "Gibraltar"]
[Date "2010.01.27"]
[Round "2.48"]
[White "Reizniece, Dana"]
[Black "Jameson, David"]
[Result "1-0"]
[WhiteElo "2341"]
[BlackElo "2053"]
[PlyCount "83"]
[EventDate "2010.01.26"]
[EventType "swiss"]
[EventRounds "10"]
[EventCountry "GGB"]
[SourceDate "2005.02.07"]

1. c4 c6 2. Nf3 d5 3. e3 Nf6 4. Qc2 e6 5. b3 Bd6 6. Bb2 Nbd7 7. Nc3 O-O 8. h3
Qe7 9. g4 Ne5 10. Nxe5 Bxe5 11. g5 Nd7 12. f4 Bd6 13. Bd3 f5 14. gxf6 Nxf6 15cxd5 exd5 16. Ne2 Ba3 17. Be5 Bd6 18. Bd4 Ne4 19. O-O-O Ba3+ 20. Kb1 Bf5 21Rhg1 Rf7 22. Ng3 Nxg3 23. Rxg3 Bxd3 24. Qxd3 Qe4 25. Qxe4 dxe4 26. Rdg1 g6 27Rg5 Raf8 28. Bxa7 Rf5 29. Bd4 Be7 30. Rxf5 Rxf5 31. Kc2 Ra5 32. a4 Rh5 33. Rh1
Rd5 34. Bc3 Kf7 35. b4 Ke6 36. Kb3 Rh5 37. Kc4 Rd5 38. Bd4 c5 39. bxc5 Rh5 40a5 Bd8 41. c6 b5+ 42. axb6 1-0

[Event "Gibtelecom Masters 8th"]
[Site "Gibraltar"]
[Date "2010.01.27"]
[Round "2.49"]
[White "Flores Chico, Jorge"]
[Black "Dittmar, Peter"]
[Result "0-1"]
[WhiteElo "2052"]
[BlackElo "2341"]
[PlyCount "84"]
[EventDate "2010.01.26"]
[EventType "swiss"]
[EventRounds "10"]
[EventCountry "GGB"]
[SourceDate "2005.02.07"]

1. e4 e6 2. d4 d5 3. exd5 exd5 4. Nc3 c6 5. Bd3 Bd6 6. Nge2 Qh4 7. Be3 Ne7 8Qd2 h6 9. O-O-O Bf5 10. Bf4 Bxf4 11. Qxf4 Qxf4+ 12. Nxf4 Bxd3 13. Nxd3 O-O 14Rhe1 Nf5 15. Ne5 Na6 16. g4 Nd6 17. f4 Rfe8 18. f5 Re7 19. Nd3 Rae8 20. Rxe7
Rxe7 21. Re1 Rxe1+ 22. Nxe1 Nc7 23. b3 Nce8 24. Nd3 Nf6 25. Nf2 g6 26. fxg6
fxg6 27. Kd2 Nh7 28. Ke3 Ng5 29. Kf4 Kf7 30. h4 Ne6+ 31. Ke3 h5 32. Ne2 hxg4
33. Nxg4 Nf5+ 34. Kd3 Nxh4 35. a4 Ng2 36. a5 a6 37. Ne5+ Kf6 38. c4 Nc5+ 39Kc3 Ne4+ 40. Kb4 c5+ 41. Ka4 cxd4 42. Nxg6 Nc3+ 0-1

[Event "Gibtelecom Masters 8th"]
[Site "Gibraltar"]
[Date "2010.01.27"]
[Round "2.50"]
[White "Zozulia, Anna"]
[Black "Haraldsson, Leif"]
[Result "1-0"]
[WhiteElo "2321"]
[BlackElo "2050"]
[PlyCount "75"]
[EventDate "2010.01.26"]
[EventType "swiss"]
[EventRounds "10"]
[EventCountry "GGB"]
[SourceDate "2005.02.07"]

1. e4 e5 2. Nf3 d6 3. d4 Qe7 4. Nc3 c6 5. h3 h6 6. Be3 Nf6 7. a4 Nbd7 8. a5 a6
9. Bc4 g5 10. Qd2 Bg7 11. O-O-O b5 12. axb6 Nxb6 13. Ba2 Nfd7 14. dxe5 dxe5 15Qd6 Qxd6 16. Rxd6 Bb7 17. Rhd1 Bf8 18. Bxf7+ Kxf7 19. Rxd7+ Nxd7 20. Rxd7+ Ke6
21. Rxb7 Bd6 22. Rb6 Kd7 23. Na4 Kc7 24. Rb3 Rab8 25. Bb6+ Kd7 26. Rd3 Ke6 27Nc5+ Ke7 28. Bc7 Bxc5 29. Bxb8 Rxb8 30. Nxe5 Rc8 31. f3 Ke6 32. Nc4 Be7 33. Kd2
Rc7 34. Ke2 h5 35. Rb3 Bc5 36. Rb8 h4 37. Rg8 Kf6 38. Ra8 1-0

[Event "Gibtelecom Masters 8th"]
[Site "Gibraltar"]
[Date "2010.01.27"]
[Round "2.51"]
[White "Obiamiwe, Paul"]
[Black "Wantiez, Fabrice"]
[Result "0-1"]
[WhiteElo "2046"]
[BlackElo "2315"]
[PlyCount "52"]
[EventDate "2010.01.26"]
[EventType "swiss"]
[EventRounds "10"]
[EventCountry "GGB"]
[SourceDate "2005.02.07"]

1. Nf3 Nf6 2. c4 g6 3. Nc3 d5 4. cxd5 Nxd5 5. Qa4+ Nc6 6. e4 Nb6 7. Qb3 Bg7 8Bb5 O-O 9. Bxc6 bxc6 10. O-O c5 11. h3 a5 12. a4 c4 13. Qc2 f5 14. b3 fxe4 15Ng5 Qd3 16. Qa2 Ba6 17. Re1 cxb3 18. Qxb3+ Bc4 19. Qa3 Rxf2 20. Kxf2 Rf8+ 21Nf3 Rxf3+ 22. gxf3 Qxf3+ 23. Kg1 Qg3+ 24. Kh1 Qxe1+ 25. Kg2 Qf1+ 26. Kg3 Be5+
0-1

[Event "Gibtelecom Masters 8th"]
[Site "Gibraltar"]
[Date "2010.01.27"]
[Round "2.52"]
[White "Andre, Gordon"]
[Black "Cafolla, Peter"]
[Result "1/2-1/2"]
[WhiteElo "2308"]
[BlackElo "2042"]
[PlyCount "96"]
[EventDate "2010.01.26"]
[EventType "swiss"]
[EventRounds "10"]
[EventCountry "GGB"]
[SourceDate "2005.02.07"]

1. d4 d5 2. c4 e6 3. Nc3 c5 4. e3 Nf6 5. Nf3 Nc6 6. a3 a6 7. cxd5 exd5 8. Be2
Bd6 9. dxc5 Bxc5 10. b4 Ba7 11. b5 axb5 12. Nxb5 Bb8 13. Bb2 O-O 14. O-O Ne4
15. Qb3 Be6 16. Rad1 Qc8 17. Rc1 Rd8 18. Be5 Bxe5 19. Nxe5 Nd2 20. Qd1 Nxf1 21Bxf1 Qb8 22. Nd3 d4 23. e4 Ne5 24. Nc5 Nc6 25. Qd2 Qc8 26. f4 b6 27. Nd3 Qb7
28. f5 Bc8 29. e5 Ra5 30. f6 Bf5 31. Nd6 Rxd6 32. exd6 gxf6 33. Qf4 Qd7 34. Nb4
Nxb4 35. Rc7 Qd8 36. axb4 Rd5 37. Qg3+ Bg6 38. Bc4 Rxd6 39. Rxf7 Kh8 40. Rb7 d3
41. Bb3 d2 42. Bd1 Qf8 43. h4 Qe8 44. Kh2 Qe5 45. h5 Qxg3+ 46. Kxg3 Be4 47. Re7
f5 48. Kf2 h6 1/2-1/2

[Event "Gibtelecom Masters 8th"]
[Site "Gibraltar"]
[Date "2010.01.27"]
[Round "2.53"]
[White "Hamer, Martyn"]
[Black "Forsaa, Espen"]
[Result "0-1"]
[WhiteElo "2039"]
[BlackElo "2301"]
[PlyCount "76"]
[EventDate "2010.01.26"]
[EventType "swiss"]
[EventRounds "10"]
[EventCountry "GGB"]
[SourceDate "2005.02.07"]

1. e4 c5 2. Nf3 e6 3. d4 cxd4 4. Nxd4 a6 5. Bd3 Qc7 6. O-O Bc5 7. Nb3 Be7 8. a4
b6 9. Nc3 Nf6 10. Be3 d6 11. Qe2 Nbd7 12. f4 Bb7 13. Nd4 O-O 14. Kh1 Rfe8 15Bg1 Bf8 16. Rae1 e5 17. fxe5 Nxe5 18. Qd1 d5 19. exd5 Nxd3 20. Qxd3 Nxd5 21Nxd5 Bxd5 22. Qd2 Qb7 23. Nf5 Rxe1 24. Rxe1 Be4 25. Ng3 Bc6 26. Bd4 Rd8 27. c3
f6 28. b4 Qd7 29. Nh5 Bxb4 30. Qf4 Bd6 31. Qh4 Be5 32. Bxe5 fxe5 33. Rxe5 Rf8
34. Re1 Qd2 35. Qg3 Qh6 36. Qg4 Qg6 37. Qc4+ Qf7 38. Qe2 Re8 0-1

[Event "Gibtelecom Masters 8th"]
[Site "Gibraltar"]
[Date "2010.01.27"]
[Round "2.54"]
[White "Kantans, Toms"]
[Black "Bryn, Askild"]
[Result "1-0"]
[WhiteElo "2303"]
[BlackElo "2036"]
[PlyCount "53"]
[EventDate "2010.01.26"]
[EventType "swiss"]
[EventRounds "10"]
[EventCountry "GGB"]
[SourceDate "2005.02.07"]

1. Nf3 f5 2. c4 g6 3. g3 Bg7 4. Bg2 Nf6 5. O-O O-O 6. d4 d6 7. b4 Qe8 8. Bb2
Ne4 9. Nbd2 Nxd2 10. Qxd2 c6 11. d5 Bxb2 12. Qxb2 Na6 13. dxc6 bxc6 14. Nd4 Bd7
15. b5 Nb8 16. Rfd1 e5 17. bxc6 Nxc6 18. Nxc6 Bxc6 19. Rxd6 Bxg2 20. Kxg2 Rc8
21. Rad1 Rf7 22. R1d5 Re7 23. c5 Kf7 24. Qb3 Kg7 25. Qc3 Kf7 26. c6 Rcc7 27Qd2 1-0

[Event "Gibtelecom Masters 8th"]
[Site "Gibraltar"]
[Date "2010.01.27"]
[Round "2.55"]
[White "Spanton, Tim R"]
[Black "Getz, Nicolai"]
[Result "1/2-1/2"]
[WhiteElo "2035"]
[BlackElo "2280"]
[PlyCount "83"]
[EventDate "2010.01.26"]
[EventType "swiss"]
[EventRounds "10"]
[EventCountry "GGB"]
[SourceDate "2005.02.07"]

1. e4 e6 2. d3 c5 3. Nf3 d5 4. Qe2 Be7 5. g3 Nf6 6. Bg2 O-O 7. Nbd2 Nc6 8. e5
Nd7 9. O-O Rb8 10. Re1 b5 11. Nf1 b4 12. h4 a5 13. Bf4 Ba6 14. c4 bxc3 15. bxc3
a4 16. Ng5 a3 17. Rab1 h6 18. Nxe6 fxe6 19. Qg4 Kh7 20. Qxe6 Rxb1 21. Rxb1 Ndb8
22. Bxd5 Bxd3 23. Rd1 Bf5 24. Be4 Qxd1 25. Bxf5+ Rxf5 26. Qxf5+ Kh8 27. Qg6 Bf8
28. e6 Qd8 29. Ne3 Qf6 30. Qe4 Qxc3 31. Bxb8 Nxb8 32. e7 Bxe7 33. Qxe7 Qa1+ 34Kg2 Qxa2 35. Qxc5 Qb2 36. Qf8+ Kh7 37. Qf5+ g6 38. Qf7+ Qg7 39. Qa2 Qe7 40. Nc2
Qe4+ 41. Kg1 Nc6 42. Qf7+ 1/2-1/2

[Event "Gibtelecom Masters 8th"]
[Site "Gibraltar"]
[Date "2010.01.27"]
[Round "2.56"]
[White "Pettersen, Joar Gullestad"]
[Black "Perez Pardo, Juan Carlos"]
[Result "0-1"]
[WhiteElo "2020"]
[BlackElo "2297"]
[PlyCount "66"]
[EventDate "2010.01.26"]
[EventType "swiss"]
[EventRounds "10"]
[EventCountry "GGB"]
[SourceDate "2005.02.07"]

1. d4 d5 2. Nf3 Nf6 3. g3 c6 4. Bg2 Bf5 5. O-O e6 6. c4 Nbd7 7. Nc3 dxc4 8. a4
a5 9. Nh4 Bg4 10. h3 Bh5 11. g4 Nd5 12. Ne4 Bxg4 13. Bg5 f6 14. hxg4 fxg5 15Nf3 Be7 16. Qc1 O-O 17. Nfxg5 Nf4 18. Nxe6 Nxe2+ 19. Kh1 Nxc1 20. Nxd8 Raxd8
21. Rfxc1 Nb6 22. Rd1 Rd7 23. Nc5 Bxc5 24. dxc5 Rxd1+ 25. Rxd1 Nxa4 26. Ra1
Nxc5 27. Rxa5 Nd3 28. Ra7 Rf7 29. Ra8+ Rf8 30. Ra7 Rxf2 31. Rxb7 Rxb2 32. Rc7
Ne5 33. Re7 c3 0-1

[Event "Gibtelecom Masters 8th"]
[Site "Gibraltar"]
[Date "2010.01.27"]
[Round "2.57"]
[White "Videnova, Iva"]
[Black "Hawkins, James N H"]
[Result "1-0"]
[WhiteElo "2301"]
[BlackElo "2019"]
[PlyCount "53"]
[EventDate "2010.01.26"]
[EventType "swiss"]
[EventRounds "10"]
[EventCountry "GGB"]
[SourceDate "2005.02.07"]

1. c4 e5 2. g3 Nf6 3. Bg2 Nc6 4. Nc3 Bb4 5. Nd5 Nxd5 6. cxd5 Nb8 7. Nf3 Qe7 8O-O O-O 9. d4 e4 10. Ne5 Na6 11. Qc2 f5 12. f3 exf3 13. Bxf3 Qf6 14. h4 h6 15h5 Re8 16. Qd3 c5 17. Bg4 d6 18. Bxf5 Bxf5 19. Rxf5 Qe7 20. Ng6 Qxe2 21. Rf8+
Rxf8 22. Qxe2 Rae8 23. Ne7+ Kh8 24. Bxh6 gxh6 25. Qe6 Bd2 26. Rf1 Rxf1+ 27Kxf1 1-0